Plants

This book present about the importance of plants, plant reprodution and response,...

Gespeichert in:
Bibliographische Detailangaben
Körperschaft: National Geographic Society
Format: Buch
Sprache:Undetermined
Veröffentlicht: New York McGraw-Hill School Division 2000
Schlagworte:
Tags: Tag hinzufügen
Keine Tags, Fügen Sie den ersten Tag hinzu!
Thư viện lưu trữ: Trung tâm Học liệu Trường Đại học Cần Thơ
LEADER 00710nam a2200205Ia 4500
001 CTU_168503
008 210402s9999 xx 000 0 und d
082 |a 372.357 
082 |b N277 
110 |a National Geographic Society 
245 0 |a Plants 
245 0 |c Richard Moyer ... [et al.] and National Geographic Society. 
260 |a New York 
260 |b McGraw-Hill School Division 
260 |c 2000 
520 |a This book present about the importance of plants, plant reprodution and response,... 
650 |a Plants,Thực vật,Science,Khoa học 
650 |x Study and teaching (Elementary),Dạy và học 
904 |i Năm 
980 |a Trung tâm Học liệu Trường Đại học Cần Thơ